00737 2200265 4500001002100000005001700021008004100038035002400079082000800103090001800111100002300129245009500152250001100247260003700258300001800295500003600313650002400349700001400373700001800387850001500405985000600420999001500426999001500441999001500456YOGYA-0209000002839320090227024228.0 ind  0010-020900000028393 a297 a297bGha MlT aAL-GHAZALI, Zainab aMenuju kebangkitan barucZainab Al-Ghazali; penterjemah Abu Fahmi; penyunting Ina Dikarina aCet. 2 aJakartabGema Insani Pressc1991 a96 hlmc19 cm aJudul asli : Nahwi Batsin Jadid aIslam, perkembangan aAbu Fahmi aDikarina, Ina aYOPDYOG(B) a3 a97P0097558 a97P0097559 a97P0097560